000 00273nam a22001217a 4500
082 _a823
_bPAI/T
100 _aPAI, ANAND
245 _aTINKLE DIGEST
246 _aTINKLE DIGEST
_bTINKLE DIGEST
520 _aENGLISH COMIC STORY
650 _aENGLISH COMIC STORY
942 _cBK
999 _c8825
_d8825